Sesal dulu pendapatan, sesal kemudian tiada guna

Bibliographic Details
Main Author: Abisha Naim
Format: Book
Published: Kuala Lumpur : Pustaka Prinsip Sdn.Bhd , 2008
Series:Siri motivasi peribahasa
Subjects:

MARC

LEADER 00000cam a2200000 7i4500
001 0000073998
005 20170614.0
008 100611
020 |a 9789830534787(set) 
020 |a 9789830534831 
090 0 0 |a JF MOR   |b MAL 
100 0 |a Abisha Naim 
245 1 0 |a Sesal dulu pendapatan, sesal kemudian tiada guna   |c Abisha Naim 
260 |a Kuala Lumpur :   |b Pustaka Prinsip Sdn.Bhd ,   |c 2008 
300 |a 41p. :   |b .ill. 
490 1 |a Siri motivasi peribahasa 
500 |a Children ages 7-9 years old (orange) 
650 0 |a Children's stories,Malay 
999 |a 0001071362   |b Book   |c Children Collection   |e Cawangan Taman Universiti 
999 |a 0001071374   |b Book   |c Children Collection   |e Cawangan Tangkak